Elements of company law : (Record no. 93154)

MARC details
000 -LEADER
fixed length control field 00692nam a22001937a 4500
005 - DATE AND TIME OF LATEST TRANSACTION
control field 20150604124717.0
010 ## - LCCN (DPL NO)
LC control number ENG-112785
020 ## - INTERNATIONAL STANDARD BOOK NUMBER
International Standard Book Number 9789351610465
Terms of availability 395.00
035 ## - SYSTEM CONTROL NUMBER
System control number EN-96317
037 ## - SOURCE OF ACQUISITION
Source of stock number/acquisition DBAD/PUB
082 ## - DEWEY DECIMAL CLASSIFICATION NUMBER
Classification number 346.54066
100 ## - MAIN ENTRY--PERSONAL NAME
Personal name Kapoor, N.D.
245 ## - TITLE STATEMENT
Title Elements of company law :
Statement of responsibility, etc by N.D. Kapoor
Remainder of title for B.com., M.com., P.C.C.,C.S.,and L.L.B. examinations incorporating the provisions of the companies (amendment) act, 2006 and companies act, 2013 /
250 ## - EDITION STATEMENT
Edition statement 30th ed
260 ## - PUBLICATION, DISTRIBUTION, ETC. (IMPRINT)
Place of publication, distribution, etc New Delhi
Name of publisher, distributor, etc Sultan Chand
Date of publication, distribution, etc 2015
270 ## - ADDRESS
Address 23, Daryaganj,
City New Delhi
Postal code 110002
300 ## - PHYSICAL DESCRIPTION
Extent various pagings
Dimensions 25cm(pbk)
942 ## - ADDED ENTRY ELEMENTS (KOHA)
Source of classification or shelving scheme Dewey Decimal Classification
Item type English Books
Call number suffix KAP
Classification part 346.54066
Holdings
Withdrawn status Lost status Not for loan Collection code Home library Current library Date acquired Source of acquisition Cost, normal purchase price Full call number Barcode Copy number Cost, replacement price Koha item type
    Not For Loan Non-fiction D.B.Act.Division D.B.Act.Division 24/04/2015 DBAD/PUB 395.00 346.54066 KAP EN-96317 1 395.00 English Books

© Delhi Public Library
Hit Counter
free hit counter